Central Library OPAC University of Rajshahi

Symbolic logic : (Record no. 30073)

MARC details
000 -LEADER
fixed length control field 00738cam a22002531 4500
001 - CONTROL NUMBER
control field 30073
003 - CONTROL NUMBER IDENTIFIER
rucl marc code BD-RjUL
005 - DATE AND TIME OF LATEST TRANSACTION
control field 20211209051516.0
008 - FIXED-LENGTH DATA ELEMENTS--GENERAL INFORMATION
fixed length control field 140408s1952 nyu 001 0 eng
035 ## - SYSTEM CONTROL NUMBER
System control number (BD-RjUL)30158
System control number (OCoLC)372924
040 ## - CATALOGING SOURCE
Original cataloging agency DLC
Transcribing agency ODaWU
Modifying agency OCoLC
-- DLC
-- BD-RjUL
Language of cataloging eng
041 ## - LANGUAGE CODE
Language code of text/sound track or separate title eng
082 ## - DEWEY DECIMAL CLASSIFICATION NUMBER
Classification number 164
Author mark and year FIS 1952
100 1# - MAIN ENTRY--PERSONAL NAME
Personal name Fitch, Frederic B.
Fuller form of name (Frederic Brenton),
Dates associated with a name 1908-1987.
9 (RLIN) 91456
245 10 - TITLE STATEMENT
Title Symbolic logic :
Remainder of title an introduction /
Statement of responsibility, etc. Frederic B. Fitch
260 ## - PUBLICATION, DISTRIBUTION, ETC. (IMPRINT)
Place of publication, distribution, etc. New York,
Name of publisher, distributor, etc. Ronald Press Co.
Date of publication, distribution, etc. [1952]
300 ## - PHYSICAL DESCRIPTION
Pagination 238 p. ;
Size 22 cm.
504 ## - BIBLIOGRAPHY, ETC. NOTE
Bibliography, etc Includes index.
650 #0 - SUBJECT ADDED ENTRY--TOPICAL TERM
Topical term or geographic name as entry element Logic, Symbolic and mathematical.
9 (RLIN) 91457
942 ## - ADDED ENTRY ELEMENTS (KOHA)
Source of classification or shelving scheme Dewey Decimal Classification
Koha item type Books
Holdings
Lost status Source of classification or shelving scheme Damaged status Not for loan Collection code Permanent Location Current Location Shelving location Date acquired Source of acquisition Cost, normal purchase price Total Checkouts Full call number Date last seen Copy number Koha item type
  Dewey Decimal Classification     Non-fiction Central Library, University of Rajshahi Central Library, University of Rajshahi   09/06/1975 Jonathan wren & co. 3.00   164 FIS 1952 08/04/2014 C-2 Books
  Dewey Decimal Classification     Non-fiction Central Library, University of Rajshahi Central Library, University of Rajshahi   09/06/1975 Jonathan ware and com. 3.00   164 FIS 1952 21/04/2014 C-3 Books
  Dewey Decimal Classification   Not For Loan Non-fiction Central Library, University of Rajshahi Central Library, University of Rajshahi Reading Room 09/06/1975 gonathan     164 FIS 1952 17/05/2014 C-1 Books